[Event "AUT-chT 9596"]
[Site "Austria"]
[Date "1996.??.??"]
[Round "?"]
[White "Grillitsch, Karl"]
[Black "Pierecker, Markus"]
[Result "1/2-1/2"]
[WhiteElo "2275"]
[BlackElo "2250"]
[PlyCount "54"]
[EventDate "1995.??.??"]
[EventType "team"]
[EventRounds "11"]
[EventCountry "AUT"]
[SourceTitle "CBM 052 Extra"]
[Source "ChessBase"]
[SourceDate "1996.07.01"]
[SourceVersion "1"]
[SourceVersionDate "1996.07.01"]
[SourceQuality "1"]

1. d4 Nf6 2. Nf3 g6 3. Bg5 Bg7 4. Nbd2 c5 5. Bxf6 Bxf6 6. Ne4 Qb6 7. Nxf6+ Qxf6 8. e3 b6 9. Be2 Bb7 10. 0-0 d6 11. c3 Nc6 12. d5 Ne5 13. Nxe5 Qxe5 14. Qa4+ Kf8 15. Rad1 Kg7 16. e4 Rhd8 17. f4 Qf6 18. Ba6 Bxa6 19. Qxa6 Rd7 20. Qe2 Rad8 21. Rd3 e5 22. dxe6 fxe6 23. c4 Qf7 24. Rdf3 Re8 25. Qd3 Qf6 26. e5 Qe7 27. Rd1 Red8 1/2-1/2

[Event "AUT-chT 9596"]
[Site "Austria"]
[Date "1996.??.??"]
[Round "?"]
[White "Petschar, Kurt"]
[Black "Grillitsch, Karl"]
[Result "1/2-1/2"]
[WhiteElo "2285"]
[BlackElo "2275"]
[PlyCount "27"]
[EventDate "1995.??.??"]
[EventType "team"]
[EventRounds "11"]
[EventCountry "AUT"]
[SourceTitle "CBM 052 Extra"]
[Source "ChessBase"]
[SourceDate "1996.07.01"]
[SourceVersion "1"]
[SourceVersionDate "1996.07.01"]
[SourceQuality "1"]

1. e4 e6 2. d4 d5 3. Nc3 Nf6 4. Bg5 Be7 5. e5 Nfd7 6. Bxe7 Qxe7 7. f4 a6 8. Nf3 b6 9. g3 c5 10. Bg2 Nc6 11. 0-0 Bb7 12. Ne2 0-0-0 13. c3 f5 14. dxc5 1/2-1/2

[Event "AUT-chT 9495"]
[Site "Austria"]
[Date "1995.??.??"]
[Round "?"]
[White "Grillitsch, Karl"]
[Black "Balinov, Ilia"]
[Result "0-1"]
[WhiteElo "2285"]
[BlackElo "2340"]
[PlyCount "42"]
[EventDate "1994.??.??"]
[EventType "team"]
[EventRounds "11"]
[EventCountry "AUT"]
[SourceTitle "CBM 045 Extra"]
[Source "ChessBase"]
[SourceDate "1995.05.01"]
[SourceVersion "1"]
[SourceVersionDate "1995.05.01"]
[SourceQuality "1"]

1. e4 c5 2. Nf3 d6 3. Bb5+ Nd7 4. d4 Ngf6 5. Nc3 a6 6. Bxd7+ Nxd7 7. Be3 cxd4 8. Qxd4 e6 9. 0-0-0 Qc7 10. Rhe1 Ne5 11. Nd2 b5 12. f3 Nc6 13. Qd3 Be7 14. Nb3 0-0 15. g4 Rd8 16. Kb1 Bd7 17. Bf2 Na5 18. e5 Bc6 19. Bd4 Nc4 20. exd6 Qxd6 21. Ne2 Qb4 0-1

[Event "AUT-chT 9495"]
[Site "Austria"]
[Date "1995.??.??"]
[Round "?"]
[White "Grillitsch, Karl"]
[Black "Baumegger, Siegfried"]
[Result "1/2-1/2"]
[WhiteElo "2265"]
[BlackElo "2190"]
[PlyCount "100"]
[EventDate "1994.??.??"]
[EventType "team"]
[EventRounds "11"]
[EventCountry "AUT"]
[SourceTitle "CBM 045 Extra"]
[Source "ChessBase"]
[SourceDate "1995.05.01"]
[SourceVersion "1"]
[SourceVersionDate "1995.05.01"]
[SourceQuality "1"]

1. d4 d5 2. c4 e6 3. Nc3 Nf6 4. cxd5 exd5 5. Bg5 c6 6. e3 Be7 7. Bd3 0-0 8. Qc2 Nbd7 9. Nf3 Re8 10. 0-0 Nf8 11. h3 Ne4 12. Bf4 Ng5 13. Nxg5 Bxg5 14. Bh2 Be7 15. Rab1 Bd6 16. Bxd6 Qxd6 17. b4 Ng6 18. Ne2 a6 19. a4 Bd7 20. Ng3 Rac8 21. Rfc1 Qf6 22. Bf5 Nf8 23. Bxd7 Nxd7 24. b5 axb5 25. axb5 g6 26. bxc6 bxc6 27. Rb7 Qd6 28. Qa4 Red8 29. Qa6 Nb8 30. Qa7 Nd7 31. Qa6 Nb8 32. Qa5 Nd7 33. Ne2 c5 34. dxc5 Nxc5 35. Rb5 Ra8 36. Qb4 Ne6 37. Rd1 Qxb4 38. Rxb4 Ra5 39. Nd4 Rc5 40. Nxe6 fxe6 41. Rb7 Rf8 42. Re7 Rc2 43. f3 Rc6 44. Ra1 Rf7 45. Ra8+ Kg7 46. Raa7 Rxe7 47. Rxe7+ Kf6 48. Rxh7 Rc1+ 49. Kf2 Rc2+ 50. Kf1 Rc1+ 1/2-1/2

[Event "AUT-chT 9495"]
[Site "Austria"]
[Date "1995.??.??"]
[Round "?"]
[White "Grillitsch, Karl"]
[Black "Kraschl, Joerg"]
[Result "1/2-1/2"]
[WhiteElo "2285"]
[BlackElo "2280"]
[PlyCount "29"]
[EventDate "1994.??.??"]
[EventType "team"]
[EventRounds "11"]
[EventCountry "AUT"]
[SourceTitle "CBM 045 Extra"]
[Source "ChessBase"]
[SourceDate "1995.05.01"]
[SourceVersion "1"]
[SourceVersionDate "1995.05.01"]
[SourceQuality "1"]

1. Nf3 Nf6 2. g3 g6 3. b3 Bg7 4. Bb2 0-0 5. Bg2 d6 6. d4 Nbd7 7. 0-0 e5 8. dxe5 Ng4 9. Qd2 Re8 10. c4 dxe5 11. h3 Nh6 12. e4 f6 13. Nc3 Nf7 14. Rad1 c6 15. Na4 1/2-1/2

[Event "AUT-chT2S 9394"]
[Site "Austria"]
[Date "1994.??.??"]
[Round "?"]
[White "Fahrner, Kurt"]
[Black "Grillitsch, Karl"]
[Result "1/2-1/2"]
[WhiteElo "2290"]
[BlackElo "2270"]
[PlyCount "43"]
[EventDate "1993.??.??"]
[EventType "team"]
[EventRounds "11"]
[EventCountry "AUT"]
[SourceTitle "EXT 1998"]
[Source "ChessBase"]
[SourceDate "1997.11.17"]
[SourceVersion "1"]
[SourceVersionDate "1997.11.17"]
[SourceQuality "1"]

1. c4 e6 2. Nf3 Nf6 3. g3 d5 4. b3 c5 5. Bg2 Nc6 6. 0-0 Be7 7. d3 0-0 8. Na3 b6 9. Nc2 Bb7 10. a3 dxc4 11. bxc4 Qd7 12. Bb2 Rfd8 13. Bc3 Ne8 14. Qb1 Bf6 15. Qb2 Bxc3 16. Qxc3 Nd6 17. a4 Nf5 18. Rfb1 Rab8 19. Rb2 Qc7 20. Nd2 h5 21. Nb3 h4 22. e4 1/2-1/2

[Event "AUT-chT2S 9394"]
[Site "Austria"]
[Date "1994.??.??"]
[Round "?"]
[White "Grillitsch, Karl"]
[Black "Raffalt, Manfred"]
[Result "1/2-1/2"]
[WhiteElo "2270"]
[BlackElo "2280"]
[PlyCount "31"]
[EventDate "1993.??.??"]
[EventType "team"]
[EventRounds "11"]
[EventCountry "AUT"]
[SourceTitle "EXT 1998"]
[Source "ChessBase"]
[SourceDate "1997.11.17"]
[SourceVersion "1"]
[SourceVersionDate "1997.11.17"]
[SourceQuality "1"]

1. d4 d5 2. c4 dxc4 3. Nf3 Nf6 4. e3 e6 5. Bxc4 c5 6. 0-0 a6 7. a4 Nc6 8. Qe2 Be7 9. Rd1 Qc7 10. Nc3 0-0 11. Bd2 e5 12. d5 e4 13. Nxe4 Nxe4 14. dxc6 Nxd2 15. Rxd2 Qxc6 16. Bd5 1/2-1/2

[Event "AUT-chT2S 9394"]
[Site "Austria"]
[Date "1994.??.??"]
[Round "?"]
[White "Grillitsch, Karl"]
[Black "Titz, Heimo"]
[Result "1/2-1/2"]
[WhiteElo "2270"]
[BlackElo "2290"]
[PlyCount "53"]
[EventDate "1993.??.??"]
[EventType "team"]
[EventRounds "11"]
[EventCountry "AUT"]
[SourceTitle "EXT 1998"]
[Source "ChessBase"]
[SourceDate "1997.11.17"]
[SourceVersion "1"]
[SourceVersionDate "1997.11.17"]
[SourceQuality "1"]

1. d4 Nf6 2. c4 e6 3. Nc3 Bb4 4. Qc2 0-0 5. a3 Bxc3+ 6. Qxc3 b6 7. Nf3 Bb7 8. g3 d6 9. Bg2 Nbd7 10. 0-0 c5 11. b4 Qc7 12. Bb2 Rac8 13. Rac1 cxd4 14. Qxd4 Rfd8 15. Rfd1 Nf8 16. Qe3 Qe7 17. Nd4 Ng6 18. Nf5 exf5 19. Qxe7 Nxe7 20. Bxb7 Rc7 21. Bxf6 Rxb7 22. Bxe7 Rxe7 23. c5 bxc5 24. bxc5 d5 25. c6 g6 26. Rc5 Rc7 27. Rdxd5 1/2-1/2

[Event "AUT-chT2S 9394"]
[Site "Austria"]
[Date "1994.??.??"]
[Round "?"]
[White "Kotz, Heinz Peter"]
[Black "Grillitsch, Karl"]
[Result "1/2-1/2"]
[WhiteElo "2225"]
[BlackElo "2270"]
[PlyCount "28"]
[EventDate "1993.??.??"]
[EventType "team"]
[EventRounds "11"]
[EventCountry "AUT"]
[SourceTitle "EXT 1998"]
[Source "ChessBase"]
[SourceDate "1997.11.17"]
[SourceVersion "1"]
[SourceVersionDate "1997.11.17"]
[SourceQuality "1"]

1. e4 e6 2. d4 d5 3. Nc3 Nf6 4. Bg5 Be7 5. e5 Nfd7 6. h4 Bxg5 7. hxg5 Qxg5 8. Nh3 Qe7 9. Nf4 Nc6 10. Qd3 Nb6 11. Rxh7 Rxh7 12. Qxh7 Bd7 13. Qh8+ Qf8 14. Qxf8+ Kxf8 1/2-1/2

[Event "AUT-chT2S 9394"]
[Site "Austria"]
[Date "1994.??.??"]
[Round "?"]
[White "Zupe, Miran"]
[Black "Grillitsch, Karl"]
[Result "1-0"]
[WhiteElo "2350"]
[BlackElo "2270"]
[PlyCount "69"]
[EventDate "1993.??.??"]
[EventType "team"]
[EventRounds "11"]
[EventCountry "AUT"]
[SourceTitle "EXT 1998"]
[Source "ChessBase"]
[SourceDate "1997.11.17"]
[SourceVersion "1"]
[SourceVersionDate "1997.11.17"]
[SourceQuality "1"]

1. e4 c5 2. Nf3 Nc6 3. d4 cxd4 4. Nxd4 g6 5. c4 Bg7 6. Be3 Nf6 7. Nc3 0-0 8. Be2 d6 9. 0-0 Bd7 10. Rc1 Nxd4 11. Bxd4 Bc6 12. f3 a5 13. Qd2 Nd7 14. Be3 Nc5 15. Rfd1 Qb6 16. Bf1 Rfc8 17. Rc2 Qd8 18. Qf2 Qf8 19. b3 Bh6 20. Bxh6 Qxh6 21. e5 dxe5 22. Qxc5 Bxf3 23. Qxe5 Bxd1 24. Nxd1 e6 25. Nf2 Qg7 26. Qe4 Rc6 27. c5 Rd8 28. Qa4 Qd4 29. Qxa5 b6 30. Qc3 bxc5 31. Qxd4 Rxd4 32. Nd3 Rcd6 33. Nxc5 e5 34. a4 e4 35. Kf2 1-0

[Event "AUT-chT"]
[Site "Austria"]
[Date "1993.??.??"]
[Round "?"]
[White "Grillitsch, Karl"]
[Black "Wiedner, Robert"]
[Result "0-1"]
[WhiteElo "2280"]
[BlackElo "2255"]
[PlyCount "80"]
[EventDate "1993.??.??"]
[EventType "team"]
[EventRounds "11"]
[EventCountry "AUT"]
[SourceTitle "TD"]
[Source "ChessBase"]
[SourceDate "1994.03.01"]
[SourceVersion "1"]
[SourceVersionDate "1994.03.01"]
[SourceQuality "1"]

1. Nf3 d5 2. g3 c6 3. Bg2 Nf6 4. 0-0 Bf5 5. b3 e6 6. Bb2 Be7 7. d3 h6 8. Nbd2 Bh7 9. e4 Qc7 10. Qe2 Na6 11. Rfe1 Nc5 12. e5 Nfd7 13. h4 0-0-0 14. a4 Na6 15. Nf1 Kb8 16. N1h2 Ka8 17. Nd2 Rde8 18. f4 g5 19. fxg5 hxg5 20. hxg5 Bxg5 21. Ndf3 Be7 22. Bc1 Reg8 23. Bf4 Bf5 24. Kf2 Nf8 25. Rh1 Bc5+ 26. Be3 Qb6 27. g4 Bh7 28. a5 Bxe3+ 29. Qxe3 Qd8 30. Ra4 Ng6 31. g5 Ne7 32. Ng4 Nf5 33. Qd2 Bg6 34. Raa1 Rxh1 35. Rxh1 c5 36. Nh6 Rh8 37. Nh4 Nxh4 38. Rxh4 Nb4 39. Bf3 Qxa5 40. Rf4 Nxd3+ 0-1

[Event "AUT-chT"]
[Site "Austria"]
[Date "1993.??.??"]
[Round "?"]
[White "Herndl, Harald"]
[Black "Grillitsch, Karl"]
[Result "1/2-1/2"]
[WhiteElo "2260"]
[BlackElo "2280"]
[PlyCount "84"]
[EventDate "1993.??.??"]
[EventType "team"]
[EventRounds "11"]
[EventCountry "AUT"]
[SourceTitle "TD"]
[Source "ChessBase"]
[SourceDate "1994.03.01"]
[SourceVersion "1"]
[SourceVersionDate "1994.03.01"]
[SourceQuality "1"]

1. d4 d5 2. c4 e6 3. Nc3 Nf6 4. cxd5 exd5 5. Bg5 Be7 6. e3 Nbd7 7. Bd3 h6 8. Bh4 0-0 9. Nge2 c5 10. 0-0 cxd4 11. exd4 Nb6 12. Rc1 Nh5 13. Bxe7 Qxe7 14. Bb1 Bd7 15. Qd3 g6 16. Qd2 Kg7 17. Nf4 Nxf4 18. Qxf4 Qf6 19. Qxf6+ Kxf6 20. Rfe1 Rfe8 21. f4 Rxe1+ 22. Rxe1 Rc8 23. Kf2 Rc4 24. Ke3 Rc6 25. Kf3 Rc4 26. Rd1 h5 27. h3 Bf5 28. Bxf5 Kxf5 29. g4+ hxg4+ 30. hxg4+ Ke6 31. Rd2 a6 32. Nd1 Rc1 33. b3 Nc8 34. Re2+ Kd6 35. Ne3 Ne7 36. f5 gxf5 37. gxf5 Nc6 38. Kf4 Rh1 39. Rd2 f6 40. Kg4 a5 41. Kf4 b5 42. Nc2 Rh4+ 1/2-1/2

[Event "AUT-chT"]
[Site "Austria"]
[Date "1993.??.??"]
[Round "?"]
[White "Koenig, Dietrich"]
[Black "Grillitsch, Karl"]
[Result "1/2-1/2"]
[WhiteElo "2275"]
[BlackElo "2280"]
[PlyCount "27"]
[EventDate "1993.??.??"]
[EventType "team"]
[EventRounds "11"]
[EventCountry "AUT"]
[SourceTitle "TD"]
[Source "ChessBase"]
[SourceDate "1994.03.01"]
[SourceVersion "1"]
[SourceVersionDate "1994.03.01"]
[SourceQuality "1"]

1. d4 Nf6 2. Nf3 e6 3. Bg5 c5 4. c3 Be7 5. e3 b6 6. Nbd2 Bb7 7. Bd3 Nc6 8. 0-0 cxd4 9. exd4 Nd5 10. Bxe7 Ncxe7 11. Re1 0-0 12. g3 Ng6 13. Qe2 f5 14. Rad1 1/2-1/2

[Event "AUT-chT"]
[Site "Austria"]
[Date "1993.??.??"]
[Round "?"]
[White "Niedermayr, Horst"]
[Black "Grillitsch, Karl"]
[Result "1-0"]
[WhiteElo "2245"]
[BlackElo "2280"]
[PlyCount "75"]
[EventDate "1993.??.??"]
[EventType "team"]
[EventRounds "11"]
[EventCountry "AUT"]
[SourceTitle "TD"]
[Source "ChessBase"]
[SourceDate "1994.03.01"]
[SourceVersion "1"]
[SourceVersionDate "1994.03.01"]
[SourceQuality "1"]

1. e4 e6 2. d4 d5 3. e5 c5 4. c3 Nc6 5. Be3 Qb6 6. Qd2 Bd7 7. Nf3 Rc8 8. dxc5 Bxc5 9. Bxc5 Qxc5 10. Qg5 Qf8 11. Nbd2 f6 12. Qe3 Nh6 13. h3 fxe5 14. Nxe5 Nxe5 15. Qxe5 Qf6 16. Nf3 0-0 17. Bd3 Nf7 18. Qxf6 gxf6 19. Rd1 Nd6 20. 0-0 b5 21. Rfe1 a5 22. a3 Rc7 23. Bb1 b4 24. axb4 axb4 25. cxb4 Rb8 26. Nd4 e5 27. Nb3 d4 28. Nc5 Bc8 29. f4 Nf7 30. fxe5 fxe5 31. Ba2 Rxb4 32. Nd3 Rb6 33. Rxe5 Ba6 34. Nc5 Bc8 35. Rxd4 Rxb2 36. Rg5+ Kf8 37. Bxf7 Kxf7 38. Rf4+ 1-0

[Event "AUT-chT"]
[Site "Austria"]
[Date "1993.??.??"]
[Round "?"]
[White "Stanec, Nikolaus"]
[Black "Grillitsch, Karl"]
[Result "1/2-1/2"]
[WhiteElo "2345"]
[BlackElo "2280"]
[PlyCount "82"]
[EventDate "1993.??.??"]
[EventType "team"]
[EventRounds "11"]
[EventCountry "AUT"]
[SourceTitle "TD"]
[Source "ChessBase"]
[SourceDate "1994.03.01"]
[SourceVersion "1"]
[SourceVersionDate "1994.03.01"]
[SourceQuality "1"]

1. c4 c5 2. Nc3 Nc6 3. g3 g6 4. Bg2 Bg7 5. a3 Nf6 6. Rb1 a5 7. e3 0-0 8. Nge2 d6 9. 0-0 Bd7 10. d3 Rb8 11. Bd2 Qc8 12. Nd5 b6 13. Bc3 Nxd5 14. cxd5 Ne5 15. d4 Ng4 16. Qd2 a4 17. Rbc1 Nf6 18. e4 Qa6 19. e5 Ne8 20. f4 Nc7 21. dxc5 bxc5 22. exd6 exd6 23. f5 Rfe8 24. fxg6 hxg6 25. Nf4 Bxc3 26. Rxc3 Re5 27. Rcf3 Qc4 28. Nxg6 fxg6 29. Qh6 Qd4+ 30. Kh1 Bf5 31. g4 Qxg4 32. Rg3 Qxg3 33. hxg3 Bd3 34. Kg1 Rh5 35. Qf4 Bxf1 36. Qxd6 Bd3 37. Qxc7 Rxb2 38. Qd8+ Kg7 39. Qe7+ Kg8 40. Qe8+ Kg7 41. Qe7+ Kg8 1/2-1/2

[Event "AUT-chT"]
[Site "Austria"]
[Date "1992.??.??"]
[Round "?"]
[White "Grillitsch, Karl"]
[Black "Mahdy, Khaled"]
[Result "0-1"]
[WhiteElo "2285"]
[BlackElo "2360"]
[PlyCount "44"]
[EventDate "1992.??.??"]
[EventType "team"]
[EventRounds "11"]
[EventCountry "AUT"]
[SourceTitle "EXT 1997"]
[Source "ChessBase"]
[SourceDate "1996.11.15"]
[SourceVersion "1"]
[SourceVersionDate "1996.11.15"]
[SourceQuality "1"]

1. Nf3 Nf6 2. g3 g6 3. b3 Bg7 4. Bb2 0-0 5. Bg2 c5 6. c4 Nc6 7. 0-0 d6 8. d4 Bg4 9. d5 Na5 10. Nbd2 a6 11. h3 Bc8 12. e4 b5 13. Ne1 Rb8 14. Nd3 e6 15. Rb1 exd5 16. cxd5 Bb7 17. b4 Nc4 18. bxc5 Nxb2 19. Rxb2 dxc5 20. Nxc5 Nxd5 21. Rb3 Nc3 22. Qc2 Ne2+ 0-1

[Event "AUT-chT"]
[Site "Austria"]
[Date "1992.??.??"]
[Round "?"]
[White "Hoelzl, Franz"]
[Black "Grillitsch, Karl"]
[Result "1-0"]
[WhiteElo "2385"]
[BlackElo "2285"]
[PlyCount "69"]
[EventDate "1992.??.??"]
[EventType "team"]
[EventRounds "11"]
[EventCountry "AUT"]
[SourceTitle "EXT 1997"]
[Source "ChessBase"]
[SourceDate "1996.11.15"]
[SourceVersion "1"]
[SourceVersionDate "1996.11.15"]
[SourceQuality "1"]

1. c4 e5 2. g3 d6 3. Bg2 c6 4. Nc3 Be6 5. d3 g6 6. Nf3 h6 7. c5 Bg7 8. cxd6 Qxd6 9. 0-0 g5 10. Be3 Ne7 11. Qc1 Nd7 12. Rd1 f5 13. h4 g4 14. Nd2 Nd5 15. Nc4 Qe7 16. Bd2 Nxc3 17. Bxc3 0-0 18. Na5 Nb6 19. a3 Rf7 20. d4 f4 21. Bb4 Qc7 22. Nxb7 fxg3 23. fxg3 exd4 24. Nd6 Nd5 25. Nxf7 Bxf7 26. Be1 Re8 27. Qc2 c5 28. Bxd5 Bxd5 29. Bf2 c4 30. Qg6 Rxe2 31. Rxd4 Bf7 32. Qxg4 Rxb2 33. Rad1 Rb8 34. Rd7 Qe5 35. Bd4 1-0

[Event "Lenk op"]
[Site "Lenk"]
[Date "1991.??.??"]
[Round "2"]
[White "Grillitsch, Karl"]
[Black "Csom, Istvan"]
[Result "0-1"]
[WhiteElo "2300"]
[BlackElo "2480"]
[PlyCount "64"]
[EventDate "1991.??.??"]
[EventType "swiss"]
[EventRounds "9"]
[EventCountry "SUI"]
[SourceTitle "TD"]
[Source "ChessBase"]
[SourceDate "1994.03.01"]
[SourceVersion "1"]
[SourceVersionDate "1994.03.01"]
[SourceQuality "1"]

1. Nf3 c5 2. c4 b6 3. g3 Bb7 4. Bg2 Nf6 5. 0-0 e6 6. Nc3 Be7 7. d4 cxd4 8. Qxd4 d6 9. Bg5 a6 10. Bxf6 Bxf6 11. Qf4 Ra7 12. Rad1 Be7 13. Ne4 Bxe4 14. Qxe4 0-0 15. Nd4 Rc7 16. b3 Re8 17. e3 Bf8 18. Qb1 Qc8 19. Rd2 Nd7 20. Rfd1 Nf6 21. a4 Rc5 22. Rc2 e5 23. Ne2 b5 24. Rdc1 bxc4 25. Rxc4 Qe6 26. Qd3 Rb8 27. e4 Nd7 28. b4 Rxc4 29. Rxc4 Nb6 30. Rc6 Qe8 31. Qc2 Nxa4 32. Qxa4 Rb6 0-1

[Event "Vienna op"]
[Site "Vienna"]
[Date "1991.??.??"]
[Round "7"]
[White "Grillitsch, Karl"]
[Black "Podzielny, Karl Heinz"]
[Result "0-1"]
[WhiteElo "2300"]
[BlackElo "2455"]
[PlyCount "40"]
[EventDate "1991.10.??"]
[EventType "swiss"]
[EventRounds "9"]
[EventCountry "AUT"]
[SourceTitle "EXT 2000"]
[Source "ChessBase"]
[SourceDate "1999.11.16"]
[SourceVersion "1"]
[SourceVersionDate "1999.11.16"]
[SourceQuality "1"]

1. Nf3 c5 2. c4 Nf6 3. g3 b6 4. Bg2 Bb7 5. 0-0 e6 6. Nc3 d6 7. d4 cxd4 8. Qxd4 a6 9. Bg5 Nbd7 10. Rfd1 Rc8 11. Rac1 Be7 12. Bxf6 Nxf6 13. Nd2 Bxg2 14. Kxg2 0-0 15. Nde4 Rc6 16. b3 Qc7 17. a4 Nxe4 18. Nxe4 d5 19. Nd2 b5 20. axb5 axb5 0-1

[Event "AUT-chT"]
[Site "Austria"]
[Date "1990.??.??"]
[Round "?"]
[White "Grillitsch, Karl"]
[Black "Denk, Adolf"]
[Result "1-0"]
[WhiteElo "2290"]
[BlackElo "2255"]
[PlyCount "59"]
[EventDate "1990.??.??"]
[EventType "team"]
[EventRounds "11"]
[EventCountry "AUT"]
[SourceTitle "TD"]
[Source "ChessBase"]
[SourceDate "1994.03.01"]
[SourceVersion "1"]
[SourceVersionDate "1994.03.01"]
[SourceQuality "1"]

1. Nf3 Nf6 2. d4 c5 3. d5 g6 4. Nc3 Bg7 5. e4 d6 6. Bb5+ Bd7 7. a4 0-0 8. 0-0 Na6 9. Re1 Nc7 10. Bc4 b6 11. h3 a6 12. Qd3 Qc8 13. e5 dxe5 14. Nxe5 Bf5 15. Qe2 Bd7 16. Bf4 Be8 17. Nf3 Nh5 18. Bg5 b5 19. axb5 axb5 20. Rxa8 Qxa8 21. Qxe7 Bxc3 22. bxc3 Nxd5 23. Bxd5 Qxd5 24. Bh6 Ng7 25. Re5 Qc6 26. Rxc5 Qe6 27. Qxe6 fxe6 28. Nd4 Rf7 29. Rc8 e5 30. Ne6 1-0

[Event "AUT-chT"]
[Site "Austria"]
[Date "1990.??.??"]
[Round "?"]
[White "Schuh, Franz"]
[Black "Grillitsch, Karl"]
[Result "1/2-1/2"]
[WhiteElo "2300"]
[BlackElo "2290"]
[PlyCount "122"]
[EventDate "1990.??.??"]
[EventType "team"]
[EventRounds "11"]
[EventCountry "AUT"]
[SourceTitle "TD"]
[Source "ChessBase"]
[SourceDate "1994.03.01"]
[SourceVersion "1"]
[SourceVersionDate "1994.03.01"]
[SourceQuality "1"]

1. e4 e6 2. d4 d5 3. Nc3 Nf6 4. Bg5 Be7 5. e5 Nfd7 6. Bxe7 Qxe7 7. f4 a6 8. Nf3 c5 9. Qd2 Nc6 10. dxc5 Qxc5 11. 0-0-0 Nb6 12. Kb1 Bd7 13. Ne2 Nc4 14. Qc3 b5 15. Ned4 Rc8 16. Nxc6 Rxc6 17. Bxc4 bxc4 18. Qd4 Qb5 19. c3 0-0 20. Rd2 Qc5 21. Qxc5 Rxc5 22. Rf1 f6 23. Rdf2 Rc7 24. Kc1 f5 25. Nd4 Bc8 26. Kd2 Bd7 27. Ke3 Rb8 28. Rd2 Rb6 29. h3 Rcb7 30. Rff2 h5 31. Nf3 Be8 32. Kd4 Bg6 33. Nh2 Kf7 34. g3 Rb8 35. Rg2 Rb5 36. Rdf2 Rh8 37. Nf3 Ke7 38. Ke3 Rb6 39. Nd4 Kf7 40. Rg1 Rhb8 41. b4 cxb3 42. axb3 Rc8 43. Kd3 Ke7 44. Ra2 Be8 45. Rga1 Bb5+ 46. Kd2 Kf7 47. h4 Ke7 48. Ra5 Rcb8 49. b4 Bc4 50. Rc5 Kd7 51. Nc2 Rc8 52. Raa5 Bb5 53. Rxc8 Kxc8 54. Nd4 Kb7 55. Nb3 Rc6 56. Nd4 Rb6 57. Nb3 Rc6 58. Nc5+ Kc7 59. Ke3 Rb6 60. Kd4 Rc6 61. Ra1 Kc8 1/2-1/2

[Event "AUT-chT"]
[Site "Austria"]
[Date "1989.??.??"]
[Round "?"]
[White "Hanel, Reinhard"]
[Black "Grillitsch, Karl"]
[Result "1/2-1/2"]
[WhiteElo "2375"]
[BlackElo "2255"]
[PlyCount "29"]
[EventDate "1989.??.??"]
[EventType "team"]
[EventRounds "11"]
[EventCountry "AUT"]
[SourceTitle "TD"]
[Source "ChessBase"]
[SourceDate "1994.03.01"]
[SourceVersion "1"]
[SourceVersionDate "1994.03.01"]
[SourceQuality "1"]

1. c4 e6 2. Nc3 d5 3. d4 Nf6 4. Nf3 Be7 5. cxd5 exd5 6. Bf4 0-0 7. e3 c5 8. dxc5 Bxc5 9. Be2 Nc6 10. 0-0 Be6 11. Rc1 Be7 12. Nb5 Rc8 13. Nfd4 Qb6 14. Nb3 Ne4 15. N5d4 1/2-1/2